01140nam a2200229Ia 4500003000900000008004100009020002200050040001600072080002200088111012300110245027500233260005000508300002300558650003200581650003100613650003700644700003300681700003500714942000700749999001700756952013700773IN-BaIIA211028s9999 xx 000 0 eng d a978-0-7354-0558-5 cIIA Library a524.6(082.1)bTHE aConference on the Evolution of Galaxies Through the Neutral Hydrogen WindowcArecibo Observatoryd2008 Feb. 1-3932542 4aThe Evolution of Galaxies through the neutral hydrogen windowbproceedings of the Conference on the Evolution of Galaxies through the neutral hydrogen window, held in Arecibo Observatory, Puerto Rico, 1 - 3 February, 2008cedited by Robert Minchin and Emmanuel Momjian. aMelvillebAmerican Institute of Physicsc2008 a[various pagings.] aCosmology-Congresses930162 aGalaxies-Congresses914448 aStar formation-Congresses925094 aMinchin, Robert., ed.932543 aMomjian, Emmanuel., ed.932544 cBK c17265d17265 00104070aBANbBANcGENd2009-05-15eBB g508.00l0o524.6(082.1)/ THEp18187r2021-11-05v508.00w2009-05-15yBKGRs. 508.00